System-level genome editing in microbes

Elmentve itt :
Bibliográfiai részletek
Szerzők: Csörgő Bálint
Nyerges Ákos
Pósfai György
Fehér Tamás
Dokumentumtípus: Cikk
Megjelent: 2016
Sorozat:CURRENT OPINION IN MICROBIOLOGY 33
doi:10.1016/j.mib.2016.07.005

mtmt:3144590
Online Access:http://publicatio.bibl.u-szeged.hu/10726
LEADER 00751nab a2200229 i 4500
001 publ10726
005 20190626133454.0
008 170221s2016 hu o 0|| zxx d
022 |a 1369-5274 
024 7 |a 10.1016/j.mib.2016.07.005   |2 doi 
024 7 |a 3144590  |2 mtmt 
040 |a SZTE Publicatio Repozitórium  |b hun 
041 |a zxx 
100 1 |a Csörgő Bálint 
245 1 0 |a System-level genome editing in microbes  |h [elektronikus dokumentum] /  |c  Csörgő Bálint 
260 |c 2016 
300 |a 113-122 
490 0 |a CURRENT OPINION IN MICROBIOLOGY  |v 33 
700 0 1 |a Nyerges Ákos  |e aut 
700 0 1 |a Pósfai György  |e aut 
700 0 1 |a Fehér Tamás  |e aut 
856 4 0 |u http://publicatio.bibl.u-szeged.hu/10726/1/CsorgoCurrOpMicrob.pdf  |z Dokumentum-elérés